[Event "Greek Team Championship"]
[Site "chess24.com"]
[Date "2017.07.03"]
[Round "1"]
[White "Polzin, Rainer"]
[Black "Papaioannou, Ioannis"]
[Result "1/2-1/2"]
[Board "1"]
[WhiteElo "2405"]
[WhiteTitle "GM"]
[WhiteCountry "GER"]
[WhiteFideId "4610741"]
[WhiteEloChange "3"]
[BlackElo "2636"]
[BlackTitle "GM"]
[BlackCountry "GRE"]
[BlackFideId "4201345"]
[BlackEloChange "-3"]

1. e4 {[%clk 1:30:56]} c5 {[%clk 1:20:47]} 2. Nf3 {[%clk 1:31:19]} d6 {[%clk
1:21:10]} 3. Bb5+ {[%clk 1:31:45]} Nd7 {[%clk 1:21:19]} 4. d4 {[%clk 1:31:59]}
cxd4 {[%clk 1:21:10]} 5. Qxd4 {[%clk 1:32:12]} a6 {[%clk 1:20:56]} 6. Bxd7+
{[%clk 1:32:31]} Bxd7 {[%clk 1:21:20]} 7. c4 {[%clk 1:32:54]} b5 {[%clk 1:21:06]}
8. Nc3 {[%clk 1:33:17]} e5 {[%clk 1:18:16]} 9. Qd3 {[%clk 1:33:40]} bxc4 {[%clk
1:17:27]} 10. Qxc4 {[%clk 1:34:03]} Qc8 {[%clk 1:16:52]} 11. Qd3 {[%clk 1:34:20]}
Qb7 {[%clk 1:16:48]} 12. O-O {[%clk 1:25:41]} Rc8 {[%clk 1:16:54]} 13. Nd2 {[%clk
1:11:51]} Be6 {[%clk 1:12:22]} 14. b3 {[%clk 0:59:11]} Nf6 {[%clk 1:11:31]} 15.
Ba3 {[%clk 0:59:35]} Be7 {[%clk 1:09:40]} 16. Rfd1 {[%clk 0:59:49]} O-O {[%clk
1:09:31]} 17. Nc4 {[%clk 0:55:22]} Rfd8 {[%clk 0:58:25]} 18. Nd5 {[%clk 0:54:16]}
Nxd5 {[%clk 0:57:46]} 19. exd5 {[%clk 0:54:43]} Bg4 {[%clk 0:58:02]} 20. f3
{[%clk 0:52:25]} Bd7 {[%clk 0:56:21]} 21. Qe3 {[%clk 0:47:29]} Bb5 {[%clk
0:55:28]} 22. Rac1 {[%clk 0:38:25]} h6 {[%clk 0:55:27]} 23. Qb6 {[%clk 0:18:50]}
Qxb6+ {[%clk 0:50:17]} 24. Nxb6 {[%clk 0:19:19]} Rxc1 {[%clk 0:50:38]} 25. Bxc1
{[%clk 0:19:39]} Rb8 {[%clk 0:49:24]} 26. Be3 {[%clk 0:19:43]} Bg5 {[%clk
0:46:47]} 27. Bxg5 {[%clk 0:13:21]} hxg5 {[%clk 0:47:09]} 28. Nc4 {[%clk
0:13:48]} Bxc4 {[%clk 0:46:46]} 29. bxc4 {[%clk 0:14:16]} Kf8 {[%clk 0:46:38]}
30. Rc1 {[%clk 0:11:16]} Ke8 {[%clk 0:44:35]} 31. Rc2 {[%clk 0:09:26]} Kd7 {[%clk
0:42:36]} 32. Kf2 {[%clk 0:09:50]} Rb1 {[%clk 0:42:39]} 33. Ke3 {[%clk 0:08:56]}
Kc7 {[%clk 0:40:30]} 34. c5 {[%clk 0:08:19]} Re1+ {[%clk 0:34:04]} 35. Kf2 {[%clk
0:07:57]} Rh1 {[%clk 0:33:06]} 36. h3 {[%clk 0:06:52]} a5 {[%clk 0:30:09]} 37.
cxd6+ {[%clk 0:07:00]} Kxd6 {[%clk 0:30:34]} 38. Rc6+ {[%clk 0:07:21]} Kxd5
{[%clk 0:30:57]} 1/2-1/2

[Event "Greek Team Championship"]
[Site "chess24.com"]
[Date "2017.07.03"]
[Round "1"]
[White "Sethuraman, S.P."]
[Black "Schuetze, Norman"]
[Result "1-0"]
[Board "2"]
[WhiteElo "2625"]
[WhiteTitle "GM"]
[WhiteCountry "IND"]
[WhiteFideId "5021596"]
[WhiteEloChange "1"]
[BlackElo "2278"]
[BlackCountry "GER"]
[BlackFideId "4659406"]
[BlackEloChange "-2"]

1. e4 {[%clk 1:30:54]} c5 {[%clk 1:00:56]} 2. Nf3 {[%clk 1:31:03]} d6 {[%clk
1:01:00]} 3. d4 {[%clk 1:30:56]} cxd4 {[%clk 1:01:19]} 4. Nxd4 {[%clk 1:31:21]}
Nf6 {[%clk 1:01:41]} 5. Nc3 {[%clk 1:31:47]} a6 {[%clk 1:02:04]} 6. h3 {[%clk
1:32:04]} e6 {[%clk 1:02:02]} 7. g4 {[%clk 1:32:28]} b5 {[%clk 1:01:25]} 8. Bg2
{[%clk 1:29:47]} Bb7 {[%clk 1:01:44]} 9. O-O {[%clk 1:26:41]} Qc7 {[%clk
0:59:06]} 10. Re1 {[%clk 1:20:22]} Be7 {[%clk 0:58:25]} 11. g5 {[%clk 1:12:56]}
Nfd7 {[%clk 0:58:41]} 12. f4 {[%clk 1:12:48]} Nc6 {[%clk 0:57:48]} 13. Nf5 {[%clk
0:44:56]} Bf8 {[%clk 0:51:14]} 14. a4 {[%clk 0:41:39]} b4 {[%clk 0:50:45]} 15.
Nd5 {[%clk 0:40:01]} exd5 {[%clk 0:49:11]} 16. exd5+ {[%clk 0:40:02]} Ne7 {[%clk
0:45:07]} 17. c3 {[%clk 0:27:11]} g6 {[%clk 0:40:41]} 18. Qd4 {[%clk 0:26:05]}
Rg8 {[%clk 0:36:37]} 19. Nxe7 {[%clk 0:25:18]} Bxe7 {[%clk 0:37:00]} 20. Be3
{[%clk 0:25:30]} Nc5 {[%clk 0:34:05]} 21. Qc4 {[%clk 0:17:47]} b3 {[%clk
0:30:02]} 22. Bxc5 {[%clk 0:17:03]} Rc8 {[%clk 0:29:53]} 23. Rxe7+ {[%clk
0:16:32]} Kxe7 {[%clk 0:27:22]} 24. Qe2+ {[%clk 0:16:13]} Kd7 {[%clk 0:19:04]}
25. Qg4+ {[%clk 0:14:46]} Kd8 {[%clk 0:18:11]} 26. Bd4 {[%clk 0:15:11]} Qa5
{[%clk 0:18:14]} 27. Qd1 {[%clk 0:12:02]} Re8 {[%clk 0:11:42]} 28. Qxb3 {[%clk
0:12:24]} Kc7 {[%clk 0:12:05]} 29. Bf3 {[%clk 0:11:15]} Rb8 {[%clk 0:05:33]} 30.
Qc4+ {[%clk 0:08:57]} Kd7 {[%clk 0:05:48]} 31. b4 {[%clk 0:09:01]} 1-0

[Event "Greek Team Championship"]
[Site "chess24.com"]
[Date "2017.07.03"]
[Round "1"]
[White "Milonakis, Georgios"]
[Black "Pavlidis, Antonios"]
[Result "0-1"]
[Board "3"]
[WhiteElo "2196"]
[WhiteCountry "GRE"]
[WhiteFideId "4206320"]
[WhiteEloChange "-2"]
[BlackElo "2540"]
[BlackTitle "GM"]
[BlackCountry "GRE"]
[BlackFideId "4212312"]
[BlackEloChange "1"]

1. e4 {[%clk 1:01:03]} c5 {[%clk 1:30:38]} 2. Nc3 {[%clk 1:01:03]} e6 {[%clk
1:31:00]} 3. g3 {[%clk 1:01:21]} Nc6 {[%clk 1:31:17]} 4. Bg2 {[%clk 1:01:36]} Bd6
{[%clk 1:31:19]} 5. Nge2 {[%clk 1:00:44]} Bc7 {[%clk 1:31:10]} 6. d4 {[%clk
0:59:50]} cxd4 {[%clk 1:31:14]} 7. Nxd4 {[%clk 0:59:57]} a6 {[%clk 1:31:36]} 8.
Nxc6 {[%clk 0:57:43]} bxc6 {[%clk 1:32:00]} 9. O-O {[%clk 0:57:48]} Ne7 {[%clk
1:31:33]} 10. Re1 {[%clk 0:57:05]} O-O {[%clk 1:31:21]} 11. Be3 {[%clk 0:51:18]}
Rb8 {[%clk 1:29:38]} 12. Rb1 {[%clk 0:48:23]} d5 {[%clk 1:26:18]} 13. Bc5 {[%clk
0:46:02]} Bd6 {[%clk 1:26:32]} 14. Bxd6 {[%clk 0:40:41]} Qxd6 {[%clk 1:26:54]}
15. a3 {[%clk 0:40:41]} a5 {[%clk 1:26:05]} 16. e5 {[%clk 0:39:17]} Qc7 {[%clk
1:25:12]} 17. b3 {[%clk 0:34:14]} c5 {[%clk 1:23:43]} 18. Qh5 {[%clk 0:33:26]}
Bd7 {[%clk 1:22:06]} 19. Rbd1 {[%clk 0:28:59]} Rfd8 {[%clk 1:20:32]} 20. Ne2
{[%clk 0:24:05]} a4 {[%clk 1:20:01]} 21. Rd3 {[%clk 0:20:31]} Qa5 {[%clk
1:16:03]} 22. Ra1 {[%clk 0:19:46]} Bb5 {[%clk 1:11:24]} 23. Rf3 {[%clk 0:13:11]}
Bxe2 {[%clk 1:08:52]} 24. Qxf7+ {[%clk 0:13:13]} Kh8 {[%clk 1:09:20]} 25. Re3
{[%clk 0:13:12]} Nf5 {[%clk 1:09:44]} 26. Rxe2 {[%clk 0:13:20]} Nd4 {[%clk
1:10:08]} 27. Bf1 {[%clk 0:08:22]} Qc3 {[%clk 1:08:21]} 28. Rae1 {[%clk 0:08:06]}
Nf3+ {[%clk 1:06:33]} 29. Kh1 {[%clk 0:08:13]} Nxe1 {[%clk 1:06:58]} 30. Re3
{[%clk 0:08:37]} Qxe3 {[%clk 1:07:16]} 31. fxe3 {[%clk 0:08:47]} Rf8 {[%clk
1:07:44]} 0-1

[Event "Greek Team Championship"]
[Site "chess24.com"]
[Date "2017.07.03"]
[Round "1"]
[White "Apostolakakis, Konstantinos"]
[Black "Gkogkas, Dimitrios"]
[Result "1/2-1/2"]
[Board "4"]
[WhiteElo "2020"]
[WhiteCountry "GRE"]
[WhiteFideId "4259637"]
[WhiteEloChange "2"]
[BlackElo "2094"]
[BlackCountry "GRE"]
[BlackFideId "4200462"]
[BlackEloChange "-2"]

1. d4 {[%clk 1:30:56]} f5 {[%clk 1:26:13]} 2. Nf3 {[%clk 1:30:05]} Nf6 {[%clk
1:26:15]} 3. c4 {[%clk 1:29:24]} e6 {[%clk 1:25:46]} 4. a3 {[%clk 1:25:53]} Be7
{[%clk 1:24:45]} 5. g3 {[%clk 1:24:44]} O-O {[%clk 1:20:01]} 6. Bg2 {[%clk
1:23:56]} d6 {[%clk 1:19:29]} 7. O-O {[%clk 1:17:00]} Qe8 {[%clk 1:16:38]} 8. Nc3
{[%clk 1:16:11]} Ne4 {[%clk 1:13:17]} 9. Nxe4 {[%clk 1:06:45]} fxe4 {[%clk
1:13:31]} 10. Nd2 {[%clk 1:07:00]} d5 {[%clk 1:13:41]} 11. cxd5 {[%clk 1:03:33]}
exd5 {[%clk 1:13:01]} 12. Qb3 {[%clk 1:03:34]} Qf7 {[%clk 1:12:45]} 13. f3 {[%clk
1:02:08]} e3 {[%clk 1:09:29]} 14. Qxe3 {[%clk 1:01:35]} Bf6 {[%clk 1:06:54]} 15.
f4 {[%clk 0:52:49]} Bg4 {[%clk 1:01:06]} 16. Nf3 {[%clk 0:45:33]} Bxf3 {[%clk
1:00:10]} 17. Qxf3 {[%clk 0:45:30]} c6 {[%clk 0:56:50]} 18. e3 {[%clk 0:45:19]}
Re8 {[%clk 0:55:31]} 19. g4 {[%clk 0:43:37]} g6 {[%clk 0:52:15]} 20. g5 {[%clk
0:40:50]} Bg7 {[%clk 0:52:27]} 21. Bh3 {[%clk 0:39:21]} Qe7 {[%clk 0:51:21]} 22.
Bd2 {[%clk 0:33:28]} Nd7 {[%clk 0:49:57]} 23. Qg4 {[%clk 0:22:52]} Nb6 {[%clk
0:48:15]} 24. Rae1 {[%clk 0:14:07]} Nc4 {[%clk 0:45:41]} 25. Qg2 {[%clk 0:14:07]}
Qe4 {[%clk 0:40:44]} 26. Qxe4 {[%clk 0:07:39]} Rxe4 {[%clk 0:41:11]} 27. Bc1
{[%clk 0:07:59]} Rae8 {[%clk 0:40:52]} 28. Kf2 {[%clk 0:07:31]} Nd6 {[%clk
0:33:34]} 29. Bd2 {[%clk 0:06:33]} Nc4 {[%clk 0:34:02]} 30. Bc1 {[%clk 0:06:54]}
Nd6 {[%clk 0:34:25]} 31. Bd2 {[%clk 0:07:19]} Nc4 {[%clk 0:34:49]} 32. Bc1 {[%clk
0:07:48]} Nd6 {[%clk 0:34:49]} 1/2-1/2

[Event "Greek Team Championship"]
[Site "chess24.com"]
[Date "2017.07.03"]
[Round "1"]
[White "Skaraki, Antigoni"]
[Black "Tsolakidou, Stavroula"]
[Result "1/2-1/2"]
[Board "5"]
[WhiteElo "1947"]
[WhiteCountry "GRE"]
[WhiteFideId "4222970"]
[WhiteEloChange "8"]
[BlackElo "2359"]
[BlackTitle "WGM"]
[BlackCountry "GRE"]
[BlackFideId "4264312"]
[BlackEloChange "-8"]

1. e4 {[%clk 1:30:58]} c5 {[%clk 1:30:54]} 2. Nf3 {[%clk 1:31:22]} d6 {[%clk
1:31:18]} 3. d4 {[%clk 1:31:46]} cxd4 {[%clk 1:31:41]} 4. Nxd4 {[%clk 1:32:13]}
Nf6 {[%clk 1:32:05]} 5. Nc3 {[%clk 1:32:35]} a6 {[%clk 1:32:27]} 6. Qf3 {[%clk
1:32:28]} g6 {[%clk 1:32:31]} 7. h3 {[%clk 1:31:52]} Bg7 {[%clk 1:32:32]} 8. Be3
{[%clk 1:30:33]} O-O {[%clk 1:31:34]} 9. g4 {[%clk 1:28:31]} Bd7 {[%clk 1:18:28]}
10. g5 {[%clk 1:16:04]} Nh5 {[%clk 1:16:41]} 11. Nf5 {[%clk 0:47:19]} Bxf5 {[%clk
1:01:41]} 12. exf5 {[%clk 0:47:38]} Bxc3+ {[%clk 0:53:53]} 13. bxc3 {[%clk
0:47:53]} Qa5 {[%clk 0:54:07]} 14. Bd3 {[%clk 0:44:59]} Qxc3+ {[%clk 0:46:40]}
15. Ke2 {[%clk 0:42:42]} Nc6 {[%clk 0:45:22]} 16. Qe4 {[%clk 0:34:56]} d5 {[%clk
0:24:06]} 17. Qxd5 {[%clk 0:21:52]} Rad8 {[%clk 0:24:21]} 18. Qc4 {[%clk
0:17:31]} Nd4+ {[%clk 0:17:23]} 19. Bxd4 {[%clk 0:13:20]} Qxc4 {[%clk 0:17:47]}
20. Bxc4 {[%clk 0:13:14]} Rxd4 {[%clk 0:18:12]} 21. Bd3 {[%clk 0:12:41]} Ra4
{[%clk 0:13:56]} 22. fxg6 {[%clk 0:10:43]} fxg6 {[%clk 0:09:29]} 23. Ke3 {[%clk
0:07:39]} Nf4 {[%clk 0:07:35]} 24. Be4 {[%clk 0:05:19]} Ra3+ {[%clk 0:07:25]} 25.
Bd3 {[%clk 0:05:42]} b5 {[%clk 0:06:26]} 26. h4 {[%clk 0:04:28]} e5 {[%clk
0:04:45]} 27. Rh2 {[%clk 0:01:07]} Rd8 {[%clk 0:03:58]} 28. Ke4 {[%clk 0:00:36]}
Nxd3 {[%clk 0:02:16]} 29. cxd3 {[%clk 0:01:03]} Rdxd3 {[%clk 0:02:40]} 30. Kxe5
{[%clk 0:01:04]} Rd2 {[%clk 0:03:04]} 31. Rc1 {[%clk 0:00:43]} Re2+ {[%clk
0:02:42]} 32. Kf4 {[%clk 0:00:39]} Raxa2 {[%clk 0:02:01]} 33. Rc8+ {[%clk
0:01:05]} Kf7 {[%clk 0:02:21]} 34. Rc7+ {[%clk 0:01:25]} Re7 {[%clk 0:02:13]} 35.
Rc6 {[%clk 0:01:12]} Kg7 {[%clk 0:01:23]} 36. Kg3 {[%clk 0:01:01]} Rf7 {[%clk
0:00:39]} 37. h5 {[%clk 0:00:58]} gxh5 {[%clk 0:00:47]} 38. Rh6 {[%clk 0:01:07]}
Ra3+ {[%clk 0:00:35]} 39. Kg2 {[%clk 0:01:28]} Ra2 {[%clk 0:00:39]} 40. Kg3
{[%clk 0:31:49]} Kg8 {[%clk 0:30:36]} 41. R2xh5 {[%clk 0:22:05]} b4 {[%clk
0:20:20]} 42. Rb6 {[%clk 0:13:14]} a5 {[%clk 0:15:55]} 43. f4 {[%clk 0:13:16]}
Ra1 {[%clk 0:11:00]} 44. Rb5 {[%clk 0:08:08]} Rg1+ {[%clk 0:04:30]} 45. Kh2
{[%clk 0:08:05]} Rf1 {[%clk 0:02:29]} 46. Rxa5 {[%clk 0:07:20]} R1xf4 {[%clk
0:02:25]} 47. Rb5 {[%clk 0:06:28]} Rc4 {[%clk 0:02:44]} 48. Rh6 {[%clk 0:04:53]}
Kg7 {[%clk 0:00:44]} 49. Rhb6 {[%clk 0:04:05]} Rff4 {[%clk 0:00:39]} 50. Rb7+
{[%clk 0:02:57]} Kg6 {[%clk 0:00:45]} 51. R7b6+ {[%clk 0:02:48]} Kf7 {[%clk
0:00:36]} 52. Rb7+ {[%clk 0:02:47]} Kg6 {[%clk 0:00:36]} 53. R7b6+ {[%clk
0:03:13]} 1/2-1/2

[Event "Greek Team Championship"]
[Site "chess24.com"]
[Date "2017.07.03"]
[Round "1"]
[White "Kafetzi, Angeliki"]
[Black "Stratigi, Evangelia"]
[Result "1/2-1/2"]
[Board "6"]
[WhiteElo "1793"]
[WhiteCountry "GRE"]
[WhiteFideId "4238419"]
[WhiteEloChange "-5"]
[BlackElo "1593"]
[BlackCountry "GRE"]
[BlackFideId "4248961"]
[BlackEloChange "5"]

1. d4 {[%clk 1:30:57]} d5 {[%clk 1:30:53]} 2. Nf3 {[%clk 1:31:19]} Nf6 {[%clk
1:31:05]} 3. e3 {[%clk 1:31:24]} c6 {[%clk 1:31:12]} 4. Be2 {[%clk 1:29:55]} Bg4
{[%clk 1:30:15]} 5. Nbd2 {[%clk 1:28:16]} Nbd7 {[%clk 1:29:26]} 6. O-O {[%clk
1:25:42]} e6 {[%clk 1:28:58]} 7. b3 {[%clk 1:25:22]} Bd6 {[%clk 1:27:20]} 8. Bb2
{[%clk 1:24:52]} O-O {[%clk 1:25:49]} 9. c4 {[%clk 1:21:23]} Ne4 {[%clk 1:18:50]}
10. Nxe4 {[%clk 1:08:05]} dxe4 {[%clk 1:19:11]} 11. Ne5 {[%clk 1:00:02]} Bxe2
{[%clk 1:16:59]} 12. Qxe2 {[%clk 1:00:23]} Bxe5 {[%clk 1:07:09]} 13. dxe5 {[%clk
1:00:19]} Qa5 {[%clk 1:02:32]} 14. Qg4 {[%clk 0:53:46]} Nc5 {[%clk 0:53:26]} 15.
Bd4 {[%clk 0:48:33]} Rad8 {[%clk 0:38:22]} 16. Rfb1 {[%clk 0:41:10]} Nd7 {[%clk
0:26:28]} 17. Qxe4 {[%clk 0:37:29]} Qc7 {[%clk 0:20:59]} 18. f4 {[%clk 0:33:39]}
b6 {[%clk 0:18:57]} 19. Rf1 {[%clk 0:29:39]} Rfe8 {[%clk 0:16:42]} 20. Rf3 {[%clk
0:26:35]} Nf8 {[%clk 0:16:23]} 21. Raf1 {[%clk 0:25:50]} c5 {[%clk 0:15:30]} 22.
Bc3 {[%clk 0:25:12]} Qd7 {[%clk 0:15:00]} 23. Qc2 {[%clk 0:21:06]} Qd3 {[%clk
0:14:24]} 24. Qc1 {[%clk 0:19:20]} Ng6 {[%clk 0:12:48]} 25. Be1 {[%clk 0:17:37]}
Rd7 {[%clk 0:10:25]} 26. g4 {[%clk 0:15:02]} Qe2 {[%clk 0:07:16]} 27. R1f2 {[%clk
0:12:47]} Qd1 {[%clk 0:06:49]} 28. Qxd1 {[%clk 0:12:06]} Rxd1 {[%clk 0:07:12]}
29. Rf1 {[%clk 0:11:14]} Red8 {[%clk 0:06:22]} 30. h4 {[%clk 0:10:32]} Ra1 {[%clk
0:06:01]} 31. h5 {[%clk 0:10:28]} Nf8 {[%clk 0:04:42]} 32. Bh4 {[%clk 0:07:49]}
Rdd1 {[%clk 0:04:34]} 33. Rxd1 {[%clk 0:07:40]} Rxd1+ {[%clk 0:04:59]} 34. Kg2
{[%clk 0:07:07]} Rd2+ {[%clk 0:05:23]} 35. Rf2 {[%clk 0:07:02]} Rxf2+ {[%clk
0:05:45]} 36. Bxf2 {[%clk 0:06:17]} Nd7 {[%clk 0:05:46]} 37. Kf3 {[%clk 0:05:56]}
Nb8 {[%clk 0:03:28]} 38. Ke4 {[%clk 0:04:53]} Nc6 {[%clk 0:03:09]} 39. Be1 {[%clk
0:04:36]} Kf8 {[%clk 0:03:04]} 40. f5 {[%clk 0:33:48]} Ke7 {[%clk 0:32:46]} 41.
Bc3 {[%clk 0:25:32]} Ke8 {[%clk 0:28:35]} 42. g5 {[%clk 0:23:31]} g6 {[%clk
0:26:43]} 43. hxg6 {[%clk 0:20:27]} hxg6 {[%clk 0:27:06]} 44. f6 {[%clk 0:20:19]}
Kd7 {[%clk 0:25:41]} 45. Kd3 {[%clk 0:19:20]} Kc7 {[%clk 0:22:45]} 46. Kc2 {[%clk
0:19:36]} Kb7 {[%clk 0:20:34]} 47. Kb2 {[%clk 0:19:22]} a5 {[%clk 0:18:41]} 48.
a3 {[%clk 0:16:03]} 1/2-1/2

[Event "Greek Team Championship"]
[Site "chess24.com"]
[Date "2017.07.03"]
[Round "1"]
[White "Daskalaki, Sofia"]
[Black "Tsivelekidou, Evgenia"]
[Result "0-1"]
[Board "7"]
[WhiteElo "1568"]
[WhiteCountry "GRE"]
[WhiteFideId "4265149"]
[WhiteEloChange "-3"]
[BlackElo "1847"]
[BlackCountry "GRE"]
[BlackFideId "4274830"]
[BlackEloChange "3"]

1. d4 {[%clk 1:30:56]} Nf6 {[%clk 1:30:55]} 2. Nf3 {[%clk 1:31:16]} e6 {[%clk
1:31:21]} 3. Bf4 {[%clk 1:31:24]} c5 {[%clk 1:31:38]} 4. e3 {[%clk 1:30:52]} cxd4
{[%clk 1:31:59]} 5. exd4 {[%clk 1:30:50]} Be7 {[%clk 1:32:04]} 6. c3 {[%clk
1:29:15]} O-O {[%clk 1:32:00]} 7. Bd3 {[%clk 1:28:34]} b6 {[%clk 1:31:52]} 8. O-O
{[%clk 1:27:22]} Bb7 {[%clk 1:32:15]} 9. Nbd2 {[%clk 1:26:07]} d6 {[%clk
1:32:05]} 10. Qc2 {[%clk 1:22:54]} Nbd7 {[%clk 1:31:16]} 11. h3 {[%clk 1:19:47]}
a6 {[%clk 1:29:40]} 12. a4 {[%clk 1:12:08]} Qc7 {[%clk 1:26:23]} 13. Rfe1 {[%clk
1:05:31]} Rfc8 {[%clk 1:21:55]} 14. Bh2 {[%clk 1:03:13]} Bf8 {[%clk 1:21:12]} 15.
Ng5 {[%clk 0:57:37]} g6 {[%clk 1:17:20]} 16. Nge4 {[%clk 0:52:08]} Nxe4 {[%clk
1:09:44]} 17. Bxe4 {[%clk 0:51:49]} Bxe4 {[%clk 1:09:53]} 18. Nxe4 {[%clk
0:51:13]} Qc6 {[%clk 1:08:04]} 19. Qd3 {[%clk 0:45:45]} d5 {[%clk 1:05:02]} 20.
Nd2 {[%clk 0:44:33]} b5 {[%clk 1:03:33]} 21. axb5 {[%clk 0:36:23]} axb5 {[%clk
1:03:07]} 22. Nf3 {[%clk 0:28:49]} b4 {[%clk 1:00:15]} 23. Rxa8 {[%clk 0:24:50]}
Rxa8 {[%clk 0:59:54]} 24. Ne5 {[%clk 0:22:25]} Nxe5 {[%clk 0:59:02]} 25. Bxe5
{[%clk 0:22:42]} bxc3 {[%clk 0:58:26]} 26. Qxc3 {[%clk 0:17:39]} Qb6 {[%clk
0:45:21]} 27. Rc1 {[%clk 0:14:57]} Bg7 {[%clk 0:39:09]} 28. Bxg7 {[%clk 0:13:03]}
Kxg7 {[%clk 0:39:32]} 29. b4 {[%clk 0:12:04]} Ra2 {[%clk 0:33:53]} 30. Qc5 {[%clk
0:10:18]} Qb8 {[%clk 0:28:50]} 31. Rb1 {[%clk 0:09:07]} Qf4 {[%clk 0:27:19]} 32.
Rf1 {[%clk 0:08:56]} Qd2 {[%clk 0:16:50]} 33. b5 {[%clk 0:04:11]} Rb2 {[%clk
0:16:36]} 34. b6 {[%clk 0:02:21]} Qb4 {[%clk 0:15:14]} 35. Rc1 {[%clk 0:01:52]}
Qxb6 {[%clk 0:14:54]} 36. Qxb6 {[%clk 0:01:28]} Rxb6 {[%clk 0:15:21]} 37. Kf1
{[%clk 0:01:40]} Rb4 {[%clk 0:14:16]} 38. Rd1 {[%clk 0:01:57]} Rb2 {[%clk
0:14:29]} 39. Ke1 {[%clk 0:01:46]} Kf6 {[%clk 0:13:30]} 40. Rd2 {[%clk 0:31:50]}
Rxd2 {[%clk 0:43:43]} 41. Kxd2 {[%clk 0:32:15]} e5 {[%clk 0:42:01]} 42. Ke3
{[%clk 0:31:04]} g5 {[%clk 0:38:51]} 43. g3 {[%clk 0:25:31]} exd4+ {[%clk
0:38:40]} 44. Kxd4 {[%clk 0:25:52]} Ke6 {[%clk 0:38:40]} 45. f3 {[%clk 0:22:39]}
Kd6 {[%clk 0:36:58]} 46. h4 {[%clk 0:22:25]} gxh4 {[%clk 0:36:59]} 47. gxh4
{[%clk 0:22:50]} h5 {[%clk 0:37:04]} 48. f4 {[%clk 0:22:27]} f5 {[%clk 0:36:34]}
0-1

[Event "Greek Team Championship"]
[Site "chess24.com"]
[Date "2017.07.03"]
[Round "1"]
[White "Zisiadis, Dimitrios"]
[Black "Moshovakis, Aggelos"]
[Result "1/2-1/2"]
[Board "8"]
[WhiteElo "2071"]
[WhiteCountry "GRE"]
[WhiteFideId "4262921"]
[WhiteEloChange "1"]
[BlackElo "2092"]
[BlackCountry "GRE"]
[BlackFideId "4297350"]
[BlackEloChange "-1"]

1. d4 {[%clk 1:30:57]} d5 {[%clk 1:30:54]} 2. c4 {[%clk 1:31:25]} c6 {[%clk
1:31:19]} 3. Nf3 {[%clk 1:31:28]} Nf6 {[%clk 1:31:45]} 4. Nc3 {[%clk 1:31:15]}
dxc4 {[%clk 1:31:10]} 5. a4 {[%clk 1:31:40]} Bf5 {[%clk 1:31:36]} 6. Ne5 {[%clk
1:31:22]} Nbd7 {[%clk 1:31:59]} 7. Nxc4 {[%clk 1:31:17]} Qc7 {[%clk 1:32:22]} 8.
g3 {[%clk 1:30:47]} e5 {[%clk 1:32:28]} 9. dxe5 {[%clk 1:30:38]} Nxe5 {[%clk
1:32:52]} 10. Bf4 {[%clk 1:30:10]} Nfd7 {[%clk 1:33:17]} 11. Bg2 {[%clk 1:29:24]}
f6 {[%clk 1:31:30]} 12. O-O {[%clk 1:26:21]} Be7 {[%clk 1:30:37]} 13. Rc1 {[%clk
1:26:04]} Be6 {[%clk 1:23:25]} 14. Nb5 {[%clk 1:16:01]} Qb8 {[%clk 1:16:39]} 15.
Nbd6+ {[%clk 1:10:16]} Kf8 {[%clk 1:16:53]} 16. Bxe5 {[%clk 1:04:28]} Nxe5 {[%clk
1:13:47]} 17. f4 {[%clk 0:56:41]} Nxc4 {[%clk 1:10:59]} 18. Nxc4 {[%clk 0:56:58]}
g6 {[%clk 0:55:53]} 19. e4 {[%clk 0:47:26]} Kg7 {[%clk 0:52:40]} 20. Qe2 {[%clk
0:41:55]} Rd8 {[%clk 0:49:36]} 21. Rfd1 {[%clk 0:33:53]} Qc7 {[%clk 0:48:07]} 22.
Kh1 {[%clk 0:18:20]} Rxd1+ {[%clk 0:45:39]} 23. Rxd1 {[%clk 0:17:56]} Rd8 {[%clk
0:44:25]} 24. Rc1 {[%clk 0:12:00]} Rd4 {[%clk 0:41:44]} 25. h3 {[%clk 0:10:08]}
Qd7 {[%clk 0:38:37]} 26. g4 {[%clk 0:08:40]} Bxc4 {[%clk 0:35:36]} 27. Rxc4
{[%clk 0:09:06]} Rd2 {[%clk 0:35:49]} 28. Qe3 {[%clk 0:08:42]} b5 {[%clk
0:32:07]} 29. axb5 {[%clk 0:08:36]} cxb5 {[%clk 0:32:34]} 30. Rc1 {[%clk
0:07:40]} a5 {[%clk 0:20:56]} 31. e5 {[%clk 0:04:36]} Rxb2 {[%clk 0:16:50]} 32.
exf6+ {[%clk 0:01:19]} Bxf6 {[%clk 0:17:18]} 33. Qb6 {[%clk 0:01:25]} Bd8 {[%clk
0:17:15]} 34. Qb8 {[%clk 0:00:34]} Rd2 {[%clk 0:08:26]} 35. Qe5+ {[%clk 0:00:36]}
Bf6 {[%clk 0:08:50]} 36. Qc5 {[%clk 0:00:35]} a4 {[%clk 0:04:23]} 37. Qb6 {[%clk
0:00:37]} Bd8 {[%clk 0:03:46]} 38. Qc5 {[%clk 0:00:36]} Qd4 {[%clk 0:01:32]} 39.
Qxb5 {[%clk 0:00:43]} Qxf4 {[%clk 0:01:32]} 40. Qb7+ {[%clk 0:30:33]} Qf7 {[%clk
0:30:39]} 41. Qxf7+ {[%clk 0:22:24]} Kxf7 {[%clk 0:30:06]} 42. Ra1 {[%clk
0:21:55]} a3 {[%clk 0:30:18]} 43. Bf1 {[%clk 0:18:49]} Be7 {[%clk 0:29:24]} 44.
Bc4+ {[%clk 0:18:07]} Ke8 {[%clk 0:29:34]} 45. Ra2 {[%clk 0:17:49]} Rd4 {[%clk
0:27:59]} 46. Be6 {[%clk 0:16:54]} Kd8 {[%clk 0:27:29]} 47. Rc2 {[%clk 0:16:28]}
Bg5 {[%clk 0:27:35]} 48. Kg2 {[%clk 0:16:14]} Ke7 {[%clk 0:27:33]} 49. Ba2 {[%clk
0:15:41]} Kf6 {[%clk 0:26:50]} 50. Re2 {[%clk 0:12:51]} Rd2 {[%clk 0:22:48]} 51.
Rxd2 {[%clk 0:10:49]} Bxd2 {[%clk 0:22:27]} 52. Kf3 {[%clk 0:11:14]} Ke5 {[%clk
0:22:25]} 53. Ke2 {[%clk 0:11:07]} Bb4 {[%clk 0:22:19]} 54. Kd3 {[%clk 0:06:15]}
Kf4 {[%clk 0:22:33]} 55. Kc2 {[%clk 0:06:01]} Kg3 {[%clk 0:22:51]} 56. Bg8 {[%clk
0:05:20]} h6 {[%clk 0:23:10]} 57. Be6 {[%clk 0:04:14]} g5 {[%clk 0:23:13]} 58.
Bf7 {[%clk 0:04:18]} Kxh3 {[%clk 0:23:38]} 59. Bh5 {[%clk 0:04:39]} Bf8 {[%clk
0:23:17]} 60. Kb3 {[%clk 0:04:55]} Kg3 {[%clk 0:23:32]} 1/2-1/2